Online
Catalog

Gerencia hotelera / (Record no. 7051)

MARC details
000 -CABECERA
campo de control de longitud fija 02142nam a2200337 i 4500
001 - NÚMERO DE CONTROL
campo de control 000007270
003 - IDENTIFICADOR DEL NÚMERO DE CONTROL
campo de control DO-SdBNP
005 - FECHA Y HORA DE LA ÚLTIMA TRANSACCIÓN
campo de control 20250812135812.0
007 - CAMPO FIJO DE DESCRIPCIÓN FÍSICA--INFORMACIÓN GENERAL
campo de control de longitud fija ta
008 - DATOS DE LONGITUD FIJA--INFORMACIÓN GENERAL
campo de control de longitud fija 090907s2002 dr d 000 0 spa d
040 ## - FUENTE DE LA CATALOGACIÓN
Centro catalogador/agencia de origen DO-SdBNP
Lengua de catalogación spa
Centro/agencia transcriptor BNPHU
Normas de descripción rda
041 ## - CÓDIGO DE LENGUA
Código de lengua del texto/banda sonora o título independiente spa
082 #4 - NÚMERO DE LA CLASIFICACIÓN DECIMAL DEWEY
Número de clasificación 647.94
Número de documento/Ítem M878g
Número de edición 22
100 ## - ENTRADA PRINCIPAL--NOMBRE DE PERSONA
Nombre de persona Morrison, Winston,
Término indicativo de función/relación autor
Código de función/relación aut.
9 (RLIN) 20173
245 10 - MENCIÓN DE TÍTULO
Título Gerencia hotelera /
Mención de responsabilidad, etc. Winston Morrison
250 ## - MENCIÓN DE EDICIÓN
Mención de edición Primera edición
264 #1 - PRODUCCIÓN, PUBLICACIÓN, DISTRIBUCIÓN, FABRICACIÓN Y COPYRIGHT
Producción, publicación, distribución, fabricación y copyright Santo Domingo :
Nombre del de productor, editor, distribuidor, fabricante Editora Taller,
Fecha de producción, publicación, distribución, fabricación o copyright 2002.
300 ## - DESCRIPCIÓN FÍSICA
Extensión 247 páginas :
Otras características físicas diágramas ;
Dimensiones 23 cm.
336 ## - TIPO DE CONTENIDO
Término de tipo de contenido texto
Código de tipo de contenido txt
Fuente rdacontent
337 ## - TIPO DE MEDIO
Nombre/término del tipo de medio sin mediación
Código del tipo de medio n
Fuente rdamedia
338 ## - TIPO DE SOPORTE
Nombre/término del tipo de soporte volumen
Código del tipo de soporte nc
Fuente rdacarrier
500 ## - NOTA GENERAL
Nota general Incluye datos biográficos del autor en la contracubierta
504 ## - NOTA DE BIBLIOGRAFÍA, ETC.
Nota de bibliografía, etc. Bibliografía : páginas 245-247
505 2# - NOTA DE CONTENIDO CON FORMATO
Nota de contenido con formato Primera parte: Aspectos generales -- Capítulo 1. Breve historia de la hotelería -- Evolución de la hotelería en el mundo -- Evolución de la hotelería en República Dominicana -- Capítulo 2. Tipología hotelera -- Capítulo 3. Organización de las empresas hoteleras -- Capítulo 4. Tipos de habitaciones, planes y tarifas -- Segunda parte: División de habitaciones (Operaciones departamentales) -- Capítulo 5. Departamento de reservación -- Capítulo 6. Departamento de recepción -- Capítulo 7. Servicio uniformado (Bellboys, parqueadores, porteros y ascensoristas) -- Capítulo 8. Departamento de telecomunicaciones o teléfonos -- Capítulo 9. Departamento de pisos (Ama de llaves) -- Capítulo 10. Lavandería -- Tercera parte: División de habitaciones (Gestión) -- Capítulo 11 Presupuesto -- Capítulo 12. Reclutamiento, selección y gestión de personal -- Capítulo 13. Controles internos -- Capítulo 14. Reuniones periódicas -- Capítulo 15. El sevicio hotelero: Prestación y capital -- Bibliografía.
590 ## - NOTA LOCAL (RLIN)
Nota local Inventariado, 2025/BT
650 #4 - PUNTO DE ACCESO ADICIONAL DE MATERIA--TÉRMINO DE MATERIA
Término de materia o nombre geográfico como elemento de entrada Administración hotelera
Subdivisión geográfica República Dominicana
9 (RLIN) 20174
650 #4 - PUNTO DE ACCESO ADICIONAL DE MATERIA--TÉRMINO DE MATERIA
Término de materia o nombre geográfico como elemento de entrada Hoteles
Subdivisión general Historia
Subdivisión geográfica República Dominicana
9 (RLIN) 20175
650 #4 - PUNTO DE ACCESO ADICIONAL DE MATERIA--TÉRMINO DE MATERIA
Término de materia o nombre geográfico como elemento de entrada Hoteles
Subdivisión general Funcionarios y empleados
9 (RLIN) 20176
650 #4 - PUNTO DE ACCESO ADICIONAL DE MATERIA--TÉRMINO DE MATERIA
Término de materia o nombre geográfico como elemento de entrada Planificación de recursos humanos
9 (RLIN) 7604
942 ## - ELEMENTOS DE PUNTO DE ACCESO ADICIONAL (KOHA)
Fuente del sistema de clasificación o colocación Dewey Decimal Classification
Tipo de ítem Koha Libro
Holdings
Estado de retiro Estado de pérdida Fuente del sistema de clasificación o colocación Restricciones de uso No para préstamo Código de colección Localización permanente Ubicación/localización actual Ubicación en estantería Fecha de adquisición Total de préstamos Signatura topográfica completa Código de barras Fecha visto por última vez Precio válido a partir de Tipo de ítem Koha Número de copia Fuente de adquisición Nota pública
    Dewey Decimal Classification Excluido de préstamo   Patrimonio Dominicano Biblioteca Nacional Pedro Henríquez Ureña Biblioteca Nacional Pedro Henríquez Ureña En catalogación 07.09.2009   BNPHU PD 647.94 M878g 7270-10 25.06.2020 25.06.2020 Libro      
    Dewey Decimal Classification Excluido de préstamo   Patrimonio Dominicano Biblioteca Nacional Pedro Henríquez Ureña Biblioteca Nacional Pedro Henríquez Ureña En catalogación 07.09.2009   BNPHU PD 647.94 M878g 7270-20 25.06.2020 25.06.2020 Libro e. 2    
    Dewey Decimal Classification Préstamo en sala   Dominicana de Servicio Biblioteca Nacional Pedro Henríquez Ureña Biblioteca Nacional Pedro Henríquez Ureña En catalogación 12.08.2025   BNPHU DS 647.94 M878g 2025-8355 12.08.2025 12.08.2025 Libro e.3 Donado por Domingo Tejeda  
    Dewey Decimal Classification Préstamo en sala   Dominicana de Servicio Biblioteca Nacional Pedro Henríquez Ureña Biblioteca Nacional Pedro Henríquez Ureña En catalogación 12.08.2025   BNPHU DS 647.94 M878g 2025-8356 12.08.2025 12.08.2025   e.4 Donación Peertenecio a la biblioteca personal d Bárbara Suncar.

Powered by Koha